Piłka nożna quiz #202 - Kariera klubowa - Michał Pazdan - Statystyki

Ogólne statystyki
  • Ten quiz został rozwiązany 261 razy
  • Średni wynik to 4 z 7
Statystyki odpowiedzi
Lata gry Klub % Poprawnych
2015 - 2019 Legia Warszawa
91%
2012 - 2015 Jagiellonia Białystok
85%
2021 - 2023 Jagiellonia Białystok
85%
2023 - obecnie Wieczysta Kraków
76%
2007 - 2012 Górnik Zabrze
39%
2019 - 2021 MKE Ankaragücü
29%
2004 - 2007 Hutnik Kraków
18%
Nie znaleziono quizów pasujących do podanych kryteriów
Rozkład punktacji
Procent ludzi z każdym wynikiem
Percentyl według liczby udzielonych odpowiedzi
Twoja historia wyników
Nie rozwiązałeś tego quizu